|
|
|
|
| LEADER |
01254nab#a2200313#ar4500 |
| 001 |
000064355 |
| 003 |
SVKKK |
| 005 |
19970617xxxxxxx. |
| 008 |
06 c xo huno |
| FMT |
|
|
|
| 038 |
|
|
|a SVKKK
|
| 040 |
|
|
|a SVKKK
|b slo
|e AACR2
|
| 041 |
0 |
|
|a hun
|
| 044 |
|
|
|a xo
|c SK
|
| 080 |
|
|
|a 614.7
|
| 100 |
1 |
|
|a Szegheő, Gustáv
|4 aut
|
| 242 |
1 |
0 |
|a Urodzená redakcia
|
| 245 |
1 |
0 |
|a Tekintetes Szerkesztőség
|c Gustáv Szegheő
|
| 500 |
|
|
|a Gusztáv
|
| 520 |
2 |
|
|a Zástupca mešťanostu Gustáv (Gusztáv) Szegheő dementuje správy, ktoré priniesol týždenník Sajó-Vidék v čísle 17/1905 o závadnosti pitnej vody v studniach Katolíckeho seminára a Evanjelickej a.v. meštianskej dievčenskej školy v Rožňave. Bakteriologické skúšky, ako informovalo Ministerstvo vnútra, nepotvrdili prítomnosť choroboplodných zárodkov.
|
| 650 |
0 |
4 |
|a hygiena vody - studne mestské - Rožňava - rozbory bakteriologické negatívne - Szegheő, Gustáv (zástupca mešťanostu) - 21.04.1905 - oznámenie úradné
|
| 773 |
0 |
|
|t Sajó-Vidék : Vegyestartalmú hetilap
|g Roč. 8, č. 18 (27.04.1905) s. 2
|
| 957 |
|
|
|a Rožňava
|
| 958 |
|
|
|a DG
|
| 958 |
|
|
|a SK
|
| 974 |
|
|
|a ebl
|d 19970617
|
| 992 |
|
|
|a RBX
|
| BAS |
|
|
|
| 998 |
|
|
|a RETRO
|